[Event "Julian Borowski-A 4th"]
[Site "Essen"]
[Date "2002.05.17"]
[Round "2"]
[White "Leko, Peter"]
[Black "Kortschnoj, Viktor Lvovich"]
[Result "1-0"]
[WhiteElo "2707"]
[BlackElo "2635"]
[Annotator "Finkel,A"]
[PlyCount "119"]
[EventDate "2002.05.16"]
[EventType "tourn"]
[EventRounds "9"]
[EventCountry "GER"]
[EventCategory "16"]
[SourceTitle "CBM 090"]
[Source "ChessBase"]
[SourceDate "2002.09.20"]
[SourceVersion "1"]
[SourceVersionDate "2002.09.20"]
[SourceQuality "1"]

1. e4 e6 2. d4 d5 3. Nc3 Nf6 4. Bg5 Bb4 {This move is one of Kortchnoi's
favorite continuations, however in Essen he suffered two difficult losses,
getting very dubious positions right after the opening.} 5. e5 h6 6. Bd2 Bxc3
7. bxc3 Ne4 8. Qg4 Kf8 9. Bd3 Nxd2 10. Kxd2 c5 11. h4 (11. Rb1 cxd4 12. cxd4
Qa5+ 13. Ke2 Nc6 14. Qf4 b6 15. Nf3 Ba6 16. Qd2 Qxa2 17. Ra1 Bxd3+ 18. Qxd3 Qc4
$13 {Flores Alvarez,R-Gutierrez,J/Santiago 1957}) (11. dxc5 Nd7 12. Qd4 Qe7 13.
f4 Nxc5 14. Ne2 b6 15. Ke3 Ba6 16. Qb4 Rc8 17. a4 Bxd3 18. cxd3 Nb7 $13 {
Mirschinka,D-Liebert,H/BL2-O 1996}) (11. f4 Nc6 12. dxc5 (12. Nf3 Qa5 13. f5 c4
14. Be2 exf5 15. Qg3 Be6 16. h4 g6 $15 {Hulters,J-Kieninger,G/Krefeld 1938})
12... Qa5 13. Ne2 d4 14. Rab1 dxc3+ 15. Nxc3 Qxc5 16. Ne4 Qa5+ 17. Ke3 b6 18.
Rhd1 $14 {Malmgren,S-Hjorth,S/SWE-ch 1971}) 11... c4 (11... Nc6 12. Rh3 Qa5 13.
Rg3 {[%csl Gg7]} g5 14. hxg5 hxg5 15. Qxg5 Ke8 16. Qf6 Rf8 17. dxc5 d4 18. Ne2
$14 {Westerinen,H-Bajovic,M/Reykjavik op 1982}) 12. Bf1 {White's idea is to
bring the knight to f4 via e2 and the rook to g3 or f3 via h3 in order to
attack weak f7 and g7 pawns.} (12. Be2 Nc6 13. Rh3 (13. Qf4 Bd7 14. g4 Ke7 15.
Nf3 Be8 16. h5 Kd7 17. Qe3 $14 {Lanzani,M-Baccaro,F/Open 1998}) 13... b5 (13...
Rg8 14. Qf4 Bd7 15. Bh5 Be8 16. Ne2 f5 17. g4 (17. Bxe8 $5) 17... Ne7 $132 {
Anand,V-Korchnoi,V/Cat. 19 1999}) (13... Ne7 14. h5 Nf5 15. Nf3 Bd7 16. Qf4 b5
17. g4 Ne7 18. Nh4 Kg8 19. Rg1 $40 {Vysochin,S-Moskalenko,V/Yalta op 1996}) 14.
Qf4 (14. Rf3 a5 15. a3 Bd7 16. Nh3 Ra6 (16... Ne7 17. Qf4 Be8 18. h5 b4 19.
axb4 axb4 20. Rxa8 bxc3+ 21. Rxc3 Qxa8 22. Bg4 Kg8 $13 {Arnold,L-Almasi,I/
Budapest FS08 GM 1997}) 17. Nf4 Ne7 18. Nh5 Rh7 19. Rh1 Nf5 20. Qf4 Be8 21.
Rfh3 b4 $132 {Hendriks,R-Visser,Y/VAM Hoogeveen op 1997}) (14. Rg3 Rg8 15. a3
Bd7 16. Nh3 a5 17. Nf4 Ne7 18. Nh5 Nf5 19. Rh3 b4 $132 {Madl,I-Almasi,I/
Balatonbereny op 1996}) 14... Bd7 15. Bh5 Be8 16. Ne2 (16. a3 a5 17. Ne2 Qe7 (
17... b4 18. axb4 axb4 19. Bxf7 Rxa1 20. Bxe6+ Ke7 21. Rg3 Kxe6 $13 {Timmerman,
G-Visser,Y/Dieren op 1998}) 18. Rg3 Qb7 19. Qf3 b4 20. axb4 axb4 21. Rxa8 bxc3+
22. Qxc3 Qxa8 23. Qa3+ {1/2-1/2 Berthelot,Y-Moracchini,F/ch-FRA (team) 1999})
16... a5 17. g4 $5 b4 18. Rah1 Ra7 19. g5 Ne7 20. Bg4 Qb6 $2 21. h5 $36 {
Kindermann,S-Reefschlaeger,H/Altenkirchen 1999}) 12... Nc6 13. Ne2 b5 14. Rh3
a5 15. a3 Bd7 16. Nf4 Rg8 $146 {This move doesn't solve black's opening
problems, but it's not so easy to come up with anything better:} (16... Ne7 17.
Nh5 Nf5 18. Qf4 Rg8 19. Rb1 Qe7 20. Be2 $16 {Golubev,M-Hess,C/Chemnitz 1998}) (
16... b4 $6 {was played by Korchnoi after a few days,but he found himself in
troubles even sooner!.} 17. Rf3 $1 bxc3+ 18. Kd1 $1 h5 (18... Nxd4 $2 19. Nh5
$1 Nxf3 20. Qxg7+ Ke7 21. Qf6+ $18) 19. Nxh5 Rg8 20. Ke1 $1 Qb6 21. Rd1 Ne7 22.
Qf4 Nf5 23. g4 Nh6 24. Nf6 $1 {and white got fantastic position (to say the
least) in Lutz-Korchnoi, Essen 2002 game.}) 17. Rf3 $1 {Forcing black king to
come to e7, because 17..Qc8 looks stupid.} Ke7 18. Nh5 b4 19. Qf4 {Keeping the
queenside closed.} bxc3+ 20. Ke1 Be8 21. Rxc3 ({Not so convincing is} 21. Rg3
$6 Qb6 22. Rd1 Qb2 23. Nxg7 Qxc2 24. Bxc4 $1 (24. Nf5+ $2 Qxf5 25. Qxf5 exf5
26. Rxg8 c2 27. Rc1 Nxd4 $17) 24... Qe4+ 25. Qxe4 dxe4 26. Nf5+ Kf8 27. Rxg8+
Kxg8 28. Nxh6+ Kg7 29. Ng4 c2 $13) 21... a4 ({It was necessary to play} 21...
Qb6 $1 22. Rd1 Qb2 23. Rg3 Qxc2 24. Nxg7 Rb8 $5 $132 {with serious
counterchances on the queenside}) 22. Rg3 $1 Qa5+ 23. c3 $16 Rb8 24. Be2 (24.
Nxg7 $6 Rxg7 25. Qf6+ Kd7 26. Qxg7 Nxd4 $40) 24... Rb3 25. Qd2 g6 26. Nf6 Rh8
27. Bd1 Rb7 (27... Qb5 $5 28. Bxb3 cxb3 29. h5 g5 30. f4 Na5 31. fxg5 Nc4 32.
Qf2 Nxa3 $132) 28. Bc2 Kd8 29. Rb1 Rxb1+ 30. Bxb1 Kc7 31. Bc2 Qb5 32. Rf3 $1 ({
Another promising possibility was} 32. Nxe8+ Rxe8 33. Qxh6 Qb2 34. Bxa4 Ra8 35.
Bd1 Rxa3 36. Qd2 $16) 32... Nd8 33. Qc1 h5 34. Kd2 Nb7 35. Qb1 Na5 36. Nxe8+ $1
{Giving up a beutifull knight on f6 for an ugly bishop!} Qxe8 37. Qb4 Nb3+ 38.
Ke3 Qd7 39. Qd6+ $1 $18 {[%csl Rf7,Rg6,Rh5]} Qxd6 40. exd6+ Kxd6 41. Rxf7 {
The black knight is out of play and the kingside weaknesses are falling sooner
or later.} Ra8 42. Rg7 Rb8 43. Ra7 Rg8 44. g3 {Black is deprived of any
ocunterplay so there is no need to hurry.} Kc6 45. Rxa4 Na1 {[%csl Ra1]} 46.
Bd1 g5 47. hxg5 Rxg5 48. Ra6+ Kd7 49. Ra7+ Kd6 50. Rh7 e5 51. Rh6+ Kc7 52. Rxh5
{Gathering the harvest.} exd4+ 53. Kxd4 Nb3+ (53... Nc2+ 54. Kc5) 54. Ke3 Rg6
55. Rxd5 Re6+ 56. Kf4 Ra6 57. g4 Kc6 58. Bf3 Nc5 59. Rd4+ Kb5 60. Bd5 {Great
win by Leko!} 1-0

[Event "Budapest FS04 GM-A"]
[Site "Budapest"]
[Date "2002.04.03"]
[Round "2"]
[White "Horvath, Adam"]
[Black "Hoang, Thanh Trang"]
[Result "1-0"]
[WhiteElo "2464"]
[BlackElo "2426"]
[Annotator "Finkel,A"]
[PlyCount "53"]
[EventDate "2002.04.02"]
[EventType "tourn"]
[EventRounds "13"]
[EventCountry "HUN"]
[EventCategory "9"]
[SourceTitle "CBM 089"]
[Source "ChessBase"]
[SourceDate "2002.08.12"]
[SourceVersion "1"]
[SourceVersionDate "2002.08.12"]
[SourceQuality "1"]

1. e4 e6 2. d4 d5 3. Nc3 Nf6 4. Bg5 Bb4 5. e5 h6 6. Bd2 Bxc3 7. bxc3 Ne4 8. Qg4
g6 9. Bd3 Nxd2 10. Kxd2 c5 11. h4 Qa5 12. Nf3 (12. Rh3 cxd4 13. Bxg6 Qc7 14.
Rf3 $13 {Euwe-Maroczy/Haag/1921}) (12. h5 g5 13. f4 cxd4 14. Nf3 $2 (14. Ke2
$13) 14... dxc3+ $19 {Seirawan-Makarycev/Reykjavik op/1990}) 12... Nc6 13. Qf4
cxd4 (13... b6 14. Rhb1 Ba6 15. a4 Bxd3 16. cxd3 a6 17. dxc5 Qxc5 18. d4 $14 {
Assev-Piskov/Berlin op/1991/i51/281}) 14. h5 $5 {Very sharp move promising
white long-lasting initiative} (14. Nxd4 Nxd4 15. Qxd4 Bd7 16. Rhb1 (16. Rab1
b6 17. Qb4 Qxb4 18. cxb4 a6 19. c4 (19. Rhc1 Bb5 20. c4 dxc4 21. Bxc4 O-O 22.
Ke3 Rfd8 23. Rb3 g5 24. hxg5 hxg5 25. g3 $10 {Brunner-Glek/BL 9091/1991}) 19...
dxc4 20. Bxc4 Bb5 21. Rbc1 O-O 22. Kc3 Rac8 23. Kb3 $10 {Tomczak-Dokhoian/BL
9091/1991}) 16... Bc6 (16... b6 $2 17. a4 (17. Qb4 Qxb4 18. Rxb4 Ke7 19. a4
Rab8 20. Rab1 g5 21. a5 $14 {Tolnai,T-Bagonyai,A/Zalakaros 1992}) 17... Qc5 18.
Qxc5 bxc5 19. Rb7 $16) 17. Rb4 O-O-O 18. Rab1 Rd7 19. a4 Kb8 20. g4 (20. R1b3
Rc8 21. g3 Ka8 22. Ra3 Rdc7 $132 {Varga,Z-Benitah,Y/Baden 1999}) (20. f3 Rc8
21. Ke2 Qd8 22. Kf2 Ka8 23. Qe3 h5 24. Kg1 Qa5 25. Qd4 Qd8 26. Qe3 $14 {
Hebden,M-Vaisser,A/Bern 1992}) 20... h5 21. gxh5 Rxh5 22. Be2 Rh8 23. Rg1 Rc7
24. Rg5 Rhc8 25. h5 gxh5 26. Bxh5 Bd7 $36 {Acs,P-Koutsin,S/Wattens 1999}) 14...
Qxc3+ {It seems that this move doesn't promise black an easy life.} (14...
dxc3+ 15. Ke2 g5 (15... gxh5 16. Rxh5 Bd7 17. Qf6 Rf8 18. Rxh6 Qd8 19. Rh8 Qxf6
20. Rxf8+ Kxf8 21. exf6 Ke8 22. Rh1 $16 {Sziva,E-Wagenmakers,E/Holland 1996})
16. Qf6 Rg8 17. Qxh6 g4 18. Ng5 Qc7 19. Nxf7 $1 Qxf7 20. Bg6 Rxg6 21. hxg6 $16
{Horvath,A-Naiditsch,A/Paks 1998}) 15. Ke2 gxh5 (15... g5 16. Qf6 Rg8 17. Qxh6
g4 (17... Nb4 18. Qf6 g4 19. Nd2 Bd7 20. Rab1 $18) 18. Ng5 Nxe5 19. Qf6 Rxg5
20. Qxg5 Nxd3 21. cxd3 Qc2+ 22. Qd2 $16) 16. Rab1 $5 Qa3 $6 {Better was} (16...
Nb4 $5 17. Rxh5 Bd7 18. Qf6 Rf8 19. Rxh6 Ba4 $132 {looking for active
counterplay}) 17. Rxh5 b6 (17... Qf8 18. Rbh1 Bd7 19. Qf6 $1 $16) 18. Rxh6 Rxh6
19. Qxh6 Bd7 20. Ng5 Nxe5 $2 {Better was} (20... O-O-O 21. Nxf7 Rg8 22. Nd6+ (
22. Qh7 Qf8 23. Nd6+ Kc7 24. Nb5+ Kc8 $13) 22... Kb8 23. Qh7 Rd8 24. Qg7 Qxa2
25. Rh1 $36 {and the position remains playable.}) 21. Qh8+ Ke7 22. Qxe5 (22.
Qxa8 $2 Nxd3 $15) 22... f6 23. Qg3 Rg8 $6 {Losing on the spot. It was
necessary to play} (23... fxg5 24. Rh1 $1 {[%csl Re7][%cal Gh1h7]} Qc5 (24...
Re8 $2 25. Rh7+ Kd8 26. Qb8+ Bc8 27. Qc7#) 25. Rh7+ Kd8 26. Qe5 Rc8 27. Kf1 $40
) 24. Rh1 $18 e5 (24... Rxg5 25. Rh7+ Kd8 26. Qb8+ $18) 25. Rh7+ Ke8 (25... Kf8
26. Qf3 Qd6 27. Qh5 $18) 26. Bg6+ $1 {[%csl Ra3]} Rxg6 27. Qxa3 1-0

[Event "North Sea Cup 17th"]
[Site "Esbjerg"]
[Date "2002.07.07"]
[Round "3"]
[White "Bruzon Batista, Lazaro"]
[Black "Glek, Igor Vladimirovich"]
[Result "1/2-1/2"]
[WhiteElo "2595"]
[BlackElo "2590"]
[Annotator "Finkel,A"]
[PlyCount "65"]
[EventDate "2002.07.05"]
[EventType "tourn"]
[EventRounds "9"]
[EventCountry "DEN"]
[EventCategory "14"]
[SourceTitle "CBM 091"]
[Source "ChessBase"]
[SourceDate "2002.11.12"]
[SourceVersion "1"]
[SourceVersionDate "2002.11.12"]
[SourceQuality "1"]

1. e4 e6 2. d4 d5 3. Nc3 Nf6 4. Bg5 Bb4 5. e5 h6 6. Bd2 Bxc3 7. bxc3 Ne4 8. Qg4
g6 (8... Kf8) 9. Bd3 Nxd2 10. Kxd2 c5 11. Qf4 (11. Nf3 Nc6 (11... Bd7 12. Rab1
Bc6 13. Rhe1 Qe7 14. h4 Nd7 15. dxc5 Nxc5 16. Nd4 O-O-O 17. Rb4 Qc7 18. Qf4 $15
{Klovans-Glek (2. Bundesliga 1998, ... 0-1)}) (11... Qc7 12. Qh4 cxd4 13. cxd4
Bd7 14. Qf6 Rg8 15. h4 Nc6 16. Rhc1 Qa5+ $13 {Ivanchuk-Gurevich,M (Reggio
Emilia 1989/90)})) 11... Bd7 (11... cxd4 12. cxd4 Qa5+ 13. Ke3 b6 14. Ne2 Nd7
15. Rhe1 Ba6 $11 {Petruchin-Piskov (Russland 1992)}) (11... Nc6 $6 12. Nf3 Bd7
13. h4 Qe7 14. h5 g5 15. Qf6 $1 $16 {Kovalev-Vaisser (Paris 1991)}) 12. h4 Bc6
(12... Nc6 13. Qf6 $2 Qxf6 14. exf6 cxd4 15. cxd4 Nxd4 16. f4 Bb5 17. Rb1 a6
18. c3 Nc6 19. Nf3 Bxd3 20. Kxd3 O-O-O $17 {Carbonnel,P-Benitah,Y/Enghien les
Bains 1995}) 13. Nf3 Nd7 14. Nh2 (14. Rh3 Qe7 15. dxc5 Nxc5 16. Nd4 O-O-O $5
17. Rf3 (17. Rb1 Qc7 18. Qf6 $6 Rhf8 19. f4 Ne4+ $1 20. Bxe4 dxe4 $36 {
Spraggett,K-Glek,I/Cappelle la Grande 1998}) 17... Rd7 18. Qf6 Qxf6 19. Rxf6 h5
20. f3 Re7 $132 {Lindberg,B-Nielsen,P/Copenhagen 1998}) (14. dxc5 $5) (14. h5
g5 15. Qe3 Qe7 16. Nh2 c4 17. Be2 f5 18. exf6 Nxf6 19. Bf3 O-O-O $13 {Sauvadet,
H-Hoareau,N/Montpellier 1998}) 14... Qa5 $5 {Only this move appears to be a
novelty, however it's a typical idea for this variation.} (14... cxd4 15. cxd4
Bb5 16. a4 Bxd3 17. cxd3 Kf8 18. Ke2 Kg7 19. Rhc1 Rc8 20. Rxc8 Qxc8 21. Rc1 Qd8
22. h5 $14 {Areshchenko,A-Stellwagen,D/Oropesa del Mar 2000}) 15. Ng4 O-O-O 16.
Nxh6 {White doesn't have much choice, but to take the pawn on h6 otherwise
black is just doing fine.} (16. dxc5 $6 d4 $1 17. Qxd4 Bxg2 $15) 16... Rxh6 (
16... cxd4 17. Nxf7 Qxc3+ 18. Ke2 Rdf8 19. Rab1 Rh5 20. Bxg6 Rxe5+ 21. Kd1 $16
{[%cal Gh4h8]}) 17. Qxh6 cxd4 18. Ke2 dxc3 19. h5 {Other possibility was} (19.
Qf4 $5 d4 20. h5 Nxe5 21. h6 Bxg2 22. Rh2 Bf3+ 23. Kf1 Nxd3 24. cxd3 Qf5 25.
Qxf5 gxf5 26. Rh3 Bg4 27. Rg3 $13 {with extremly complicated position.}) 19...
Nxe5 20. hxg6 fxg6 21. Qg7 {The queen is well placed on g7 taking part both in
attack and defense.} (21. Qg5 Nxd3 22. cxd3 Qa3 $1 $36) 21... d4 (21... Nxd3
22. cxd3 d4 23. Rh7 Rd7 24. Qxg6 Rxh7 25. Qxh7 Qa3 26. Qh8+ Kc7 27. Qg7+ Kc8
$11) 22. Rh8 Bxg2 23. Rxd8+ Kxd8 24. f4 Bf3+ (24... Nxd3 25. Qxd4+ $14) 25. Kf2
{This move is more accurate than 25.Kf1} (25. Kf1 $5 Nxd3 26. Qxd4+ Bd5 (26...
Qd5 27. Qxd3 Qxd3+ 28. cxd3 b5 29. Rb1 a6 30. Rb3 $13) 27. Qxd3 Qa4 $15) 25...
Nxd3+ 26. cxd3 Bd5 27. Qxd4 Qa3 28. Re1 Qxa2+ 29. Re2 c2 30. Qh8+ Kd7 31. Qg7+
Kd8 32. Qf8+ Kd7 33. Qf7+ 1/2-1/2

[Event "Julian Borowski-A 4th"]
[Site "Essen"]
[Date "2002.05.20"]
[Round "5"]
[White "Lutz, Christopher"]
[Black "Kortschnoj, Viktor Lvovich"]
[Result "1-0"]
[WhiteElo "2644"]
[BlackElo "2635"]
[Annotator "Finkel,A"]
[PlyCount "71"]
[EventDate "2002.05.16"]
[EventType "tourn"]
[EventRounds "9"]
[EventCountry "GER"]
[EventCategory "16"]
[SourceTitle "CBM 090"]
[Source "ChessBase"]
[SourceDate "2002.09.20"]
[SourceVersion "1"]
[SourceVersionDate "2002.09.20"]
[SourceQuality "1"]

1. e4 e6 2. d4 d5 3. Nc3 Nf6 4. Bg5 Bb4 5. e5 h6 6. Bd2 Bxc3 7. bxc3 Ne4 8. Qg4
Kf8 9. Bd3 Nxd2 10. Kxd2 c5 11. h4 {Lutz follows Leko's play a few rounds
before.} (11. Rb1 cxd4 12. cxd4 Qa5+ 13. Ke2 Nc6 14. Qf4 b6 15. Nf3 Ba6 16. Qd2
Qxa2 17. Ra1 Bxd3+ 18. Qxd3 Qc4 $13 {Flores Alvarez,R-Gutierrez,J/Santiago 1957
}) (11. dxc5 Nd7 12. Qd4 Qe7 13. f4 Nxc5 14. Ne2 b6 15. Ke3 Ba6 16. Qb4 Rc8 17.
a4 Bxd3 18. cxd3 Nb7 $13 {Mirschinka,D-Liebert,H/BL2-O 1996}) (11. f4 Nc6 12.
dxc5 (12. Nf3 Qa5 13. f5 c4 14. Be2 exf5 15. Qg3 Be6 16. h4 g6 $15 {Hulters,
J-Kieninger,G/Krefeld 1938}) 12... Qa5 13. Ne2 d4 14. Rab1 dxc3+ 15. Nxc3 Qxc5
16. Ne4 Qa5+ 17. Ke3 b6 18. Rhd1 $14 {Malmgren,S-Hjorth,S/SWE-ch 1971}) 11...
Nc6 (11... c4 12. Be2 Nc6 13. Rh3 (13. Qf4 Bd7 14. g4 Ke7 15. Nf3 Be8 16. h5
Kd7 17. Qe3 $14 {Lanzani,M-Baccaro,F/Open 1998}) 13... b5 (13... Rg8 14. Qf4
Bd7 15. Bh5 Be8 16. Ne2 f5 17. g4 (17. Bxe8 $5) 17... Ne7 $132 {Anand,
V-Korchnoi,V/Cat. 19 1999}) (13... Ne7 14. h5 Nf5 15. Nf3 Bd7 16. Qf4 b5 17. g4
Ne7 18. Nh4 Kg8 19. Rg1 $40 {Vysochin,S-Moskalenko,V/Yalta op 1996}) 14. Qf4 (
14. Rf3 a5 15. a3 Bd7 16. Nh3 Ra6 (16... Ne7 17. Qf4 Be8 18. h5 b4 19. axb4
axb4 20. Rxa8 bxc3+ 21. Rxc3 Qxa8 22. Bg4 Kg8 $13 {Arnold,L-Almasi,I/Budapest
FS08 GM 1997}) 17. Nf4 Ne7 18. Nh5 Rh7 19. Rh1 Nf5 20. Qf4 Be8 21. Rfh3 b4 $132
{Hendriks,R-Visser,Y/VAM Hoogeveen op 1997}) (14. Rg3 Rg8 15. a3 Bd7 16. Nh3 a5
17. Nf4 Ne7 18. Nh5 Nf5 19. Rh3 b4 $132 {Madl,I-Almasi,I/Balatonbereny op 1996}
) 14... Bd7 15. Bh5 Be8 16. Ne2 (16. a3 a5 17. Ne2 Qe7 (17... b4 18. axb4 axb4
19. Bxf7 Rxa1 20. Bxe6+ Ke7 21. Rg3 Kxe6 $13 {Timmerman,G-Visser,Y/Dieren op
1998}) 18. Rg3 Qb7 19. Qf3 b4 20. axb4 axb4 21. Rxa8 bxc3+ 22. Qxc3 Qxa8 23.
Qa3+ {1/2-1/2 Berthelot,Y-Moracchini,F/ch-FRA (team) 1999}) 16... a5 17. g4 $5
b4 18. Rah1 Ra7 19. g5 Ne7 20. Bg4 Qb6 $2 21. h5 $36 {Kindermann,
S-Reefschlaeger,H/Altenkirchen 1999}) 12. Rh3 c4 (12... Qa5 13. Rg3 {[%csl Gg7]
} g5 14. hxg5 hxg5 15. Qxg5 Ke8 16. Qf6 Rf8 17. dxc5 d4 18. Ne2 $14 {
Westerinen,H-Bajovic,M/Reykjavik op 1982}) 13. Bf1 b5 14. Ne2 a5 15. a3 Bd7 16.
Nf4 b4 $6 {An attempt to start an actions on the queenside right away. However
Lutz seems to be perfectly prepared for such course of actions.} (16... Rg8 17.
Rf3 Ke7 18. Nh5 b4 19. Qf4 bxc3+ 20. Ke1 Be8 21. Rxc3 $14 {Leko,P-Kortschnoj,V/
Essen 2002}) (16... Ne7 17. Nh5 Nf5 18. Qf4 Rg8 19. Rb1 Qe7 20. Be2 $16 {
Golubev,M-Hess,C/Chemnitz 1998}) 17. Rf3 $1 bxc3+ 18. Kd1 $1 $16 {[%cal Gf4e6,
Gf4g6] Now white is threatening both Ng6 and N:e6.} h5 ({Unfortunately for
black doesn't work} 18... Nxd4 $2 19. Nh5 $1 {[%csl Rd4]} Nxf3 (19... Nf5 20.
Rxf5 exf5 21. Qxg7+ Ke7 22. Qf6+ $18) 20. Qxg7+ Ke7 21. Qf6+ $1 $18 {and white
is winning.}) 19. Nxh5 ({If white plays} 19. Qg3 $6 {black has} Rh6 {defending
against both threats.}) 19... Rg8 20. Ke1 $1 {In order to defend the pawn on
d4 by Rd1.} Qb6 21. Rd1 Ne7 $2 {Passive defense doesn't help black, that's why}
(21... Qb2 $5 {leading to some complications was called for.} 22. Nf4 (22. Qg6
$6 Nd8 23. Qh7 Ba4 $1) 22... Ke8 {and the position is not perfectly clear yet}
23. Qh5 $140 (23. h5 Rb8 24. h6 Qxc2 25. Nh5 Rb1) 23... Rf8 24. Ng6 $2 fxg6 25.
Rxf8+ Kxf8 26. Qh8+ Kf7 27. Qxa8 Qxc2 $17) 22. Qf4 $1 {Now black is helpless
against white's threats.} Nf5 (22... Be8 23. Nf6 $1 Ng6 24. Nd7+ $1 $18 {
[%csl Rf7]}) 23. g4 Nh6 24. Nf6 $1 $18 {[%csl Rh6] Nice tactical blow deciding
the game in white's favour.} Ba4 (24... gxf6 25. Qxh6+ Ke8 26. Qxf6 Rf8 27. g5
$18) 25. Nxg8 Kxg8 26. Rxc3 Qb2 27. Kd2 Rb8 28. f3 $1 {Keeping in mind
variation which occured in the game.} Rb3 29. Qe3 Rxa3 30. Rxa3 Qxc2+ 31. Ke1
Qxd1+ 32. Kf2 Bc2 33. Rxa5 Bd3 34. Bxd3 cxd3 35. Ra8+ Kh7 36. Ra2 1-0